| 000 | 01605 a2200241 4500 | ||
|---|---|---|---|
| 003 | Nust | ||
| 005 | 20230114145703.0 | ||
| 010 | _a 92033100 | ||
| 020 | _a0916159248 | ||
| 040 | _cNust | ||
| 082 | 0 | 0 | _a355.343,FIR |
| 245 | 0 | 4 |
_aThe first information war : _bthe story of communications, computers, and intelligence systems in the Persian Gulf War / _cAlan D. Campen, contributing editor. |
| 260 |
_aFairfax, Va. : _bAFCEA International Press, _c1992. |
||
| 300 |
_axxi, 195 p. : _bill. ; _c24 cm. |
||
| 505 | _aDesert Strom Communications (Page-1), Communication Support for the high technology battlefield (Page-7), Information Systems and Air Warfare (Page-23), CAFMS goes to War (Page-37), The Electricity Sanctuary (Page-47), Communication Support to Intelligence (Page-51), Extending Real (Page-61) Ears of Strom (Page-65), Responsive communications key to Army Intelligence (Page-71), Electronics Templates (Page-75), Desert War (Page-81), Information Truth (Page-87), Communicate on the Move (Page-93), C2 in Heavy Bridge (Page-101), The First Space of War (Page-121), Silent space Warriors (Page-135), Established Tactical (Page-149), Spectrum Management (Page-155), The Joint CEOI (Page-161), Joint stars in desert storm (Page-167), Iraqi Command and Control (Page-171). | ||
| 650 | 0 | _aCommand and control systems. | |
| 650 | 0 |
_aInformation warfare. _999329 |
|
| 650 | 0 |
_aMilitary intelligence. _948697 |
|
| 650 | 0 |
_aMilitary telecommunication. _999355 |
|
| 650 | 0 |
_aPersian Gulf War, 1991 _xCommunications. _9105773 |
|
| 700 | 1 |
_aCampen, Alan D. _979833 |
|
| 942 |
_2ddc _cBK _k355.343,FIR |
||
| 999 |
_c186012 _d186012 |
||